000 00749nam a2200241Ia 4500
003 OSt
005 20220926033918.0
006 a|||||r|||| 00| 0
007 ta
008 220923b |||||||| |||| 00| 0 eng d
037 _cGeneral Book
040 _aRTL
_cRTL
_beng
041 _2eng
_aeng
082 _aX9(J):(D66).2, Q1/GD
100 _aGULATI Mohinder
_9339734
245 0 _aDirect delivery of power subsidy to agriculture in India
260 _aVienna
_bEnergy Sector Management Assistance Program
_c2011
300 _axxiii, 64p
_ccm.
500 _aIn Hindi Version
700 _a PAHUJA Sanjay
_9339735
942 _hX9(J):(D66).2, Q1/GD
_cGB
_2CC
999 _c658281
_d658281